| 000 | 00814nam a2200229 a 4500 | ||
|---|---|---|---|
| 001 | 65267 | ||
| 003 | BD-RjUL | ||
| 005 | 20211209081414.0 | ||
| 008 | 170302s2010 i ||||| |||| 00| 0 b d | ||
| 020 | _a9788123735085 | ||
| 035 | _a(BD-RjUL)65397 | ||
| 040 |
_aBD-RjUL _bben _cBD-RjUL _dBD-RjUL |
||
| 041 | _aben | ||
| 082 |
_223 _a891.442 _bBEN 2010 |
||
| 245 | 1 | 0 |
_aবাংলা একাম্ক নাটক সম্কলন / _cকুমার রায় |
| 260 |
_aইন্ডিয়া : _bন্যাশনাল বুক, _c২০১০ |
||
| 300 |
_a৩৬৪ পৃ. ; _c২৪ সেমি. |
||
| 650 |
_aবাংলা সাহিত্য _zনাটক _9193191 |
||
| 650 |
_aBengali literature _zDrama _9193192 |
||
| 700 |
_aরায়, কুমার _9175741 |
||
| 942 |
_2ddc _cBK |
||
| 999 |
_c65267 _d65267 |
||